000 00688nam a2200181Ia 4500
008 090124s9999 xx 000 0 und d
082 _b9536
100 _aप्रियोळकर अ.का.
245 _a हिंदुस्थानचे दोन दरवाजे
250 _a0
260 _bधि गोवा हिंदु असोसिएशन
_c1974
300 _a358
600 _aप्रियोळकर अ.का.
630 _a हिंदुस्थानचे दोन दरवाजे
700 _aप्रियोळकर अ.का.
730 _a हिंदुस्थानचे दोन दरवाजे
942 _cBOOK
999 _c85808
_d85808